Normal view
MARC view
Entry Topical Term
001 - CONTROL NUMBER
- control field: 16656
003 - CONTROL NUMBER IDENTIFIER
- control field: OSt
005 - DATE AND TIME OF LATEST TRANSACTION
- control field: 20230927131633.0
008 - FIXED-LENGTH DATA ELEMENTS
- fixed length control field: 230927|| aca||aabn | a|a d
040 ## - CATALOGING SOURCE
- Original cataloging agency: OSt
- Transcribing agency: OSt
150 ## - HEADING--TOPICAL TERM
- Topical term or geographic name entry element: Medical laboratory
670 ## - SOURCE DATA FOUND
- Source citation: Work cat.: (OSt)8158: Baker, F.G.; Silverston, R.E.; Luckcock, Eveline 16655, An introduction to Medical Laboratory Technology
